汉语口语速成 / (Record no. 27607)
[ view plain ]
| 000 -LEADER | |
|---|---|
| fixed length control field | 01690cam a22004095i 4500 |
| 003 - CONTROL NUMBER IDENTIFIER | |
| control field | EG-ScBUE |
| 005 - DATE AND TIME OF LATEST TRANSACTION | |
| control field | 20201111102036.0 |
| 008 - FIXED-LENGTH DATA ELEMENTS--GENERAL INFORMATION | |
| fixed length control field | 190910r20052015cc a f d 000 0 chi d |
| 020 ## - INTERNATIONAL STANDARD BOOK NUMBER | |
| International Standard Book Number | 9787561913642 |
| 040 ## - CATALOGING SOURCE | |
| Original cataloging agency | EG-ScBUE |
| Language of cataloging | eng |
| Description conventions | rda |
| Transcribing agency | EG-ScBUE |
| Modifying agency | EG-ScBUE |
| -- | EG-ScBUE |
| 082 04 - DEWEY DECIMAL CLASSIFICATION NUMBER | |
| Classification number | 495.182421 |
| Item number | SHO |
| Edition number | 22 |
| 245 00 - TITLE STATEMENT | |
| Title | 汉语口语速成 / |
| Statement of responsibility, etc | 马箭飞主编 ; 苏英霞, 翟艳编著. 马箭飞. 苏英霞. 翟艳 = Short-term spoken Chinese / edited by Jianfei Ma, Yingxi Su, Yan Zhai. |
| 246 31 - VARYING FORM OF TITLE | |
| Title proper/short title | Short-term spoken Chinese. |
| Name of part/section of a work | Threshold, |
| Number of part/section of a work | Vol. 1 |
| 246 31 - VARYING FORM OF TITLE | |
| Title proper/short title | 汉语口语速成. |
| Name of part/section of a work | 入门篇, |
| Number of part/section of a work | 上 = |
| 250 ## - EDITION STATEMENT | |
| Edition statement | Second edition. |
| 250 ## - EDITION STATEMENT | |
| Edition statement | 第2版. |
| 264 #1 - PUBLICATION, DISTRIBUTION, ETC. (IMPRINT) | |
| Place of publication, distribution, etc | Beijing : |
| Name of publisher, distributor, etc | Beijing Language and Culture University Press, |
| Date of publication, distribution, etc | 2005. |
| 264 #3 - PUBLICATION, DISTRIBUTION, ETC. (IMPRINT) | |
| Date of publication, distribution, etc | [2015?] |
| 264 #1 - PUBLICATION, DISTRIBUTION, ETC. (IMPRINT) | |
| Place of publication, distribution, etc | 北京 : |
| Name of publisher, distributor, etc | 北京语言大学出版社, |
| Date of publication, distribution, etc | 2005. |
| 300 ## - PHYSICAL DESCRIPTION | |
| Extent | 161 pages : |
| Other physical details | illustrations ; |
| Dimensions | 24 cm. |
| 336 ## - CONTENT TYPE | |
| Content type term | text |
| Content type code | txt |
| Source | rdacontent |
| 337 ## - MEDIA TYPE | |
| Media type term | unmediated |
| Media type code | n |
| Source | rdamedia |
| 338 ## - CARRIER TYPE | |
| Carrier type term | volume |
| Carrier type code | nc |
| Source | rdacarrier |
| 490 0# - SERIES STATEMENT | |
| Series statement | 对外汉语短期強化系列教材 = |
| -- | Series of Chinese textbooks for short-term intensive training programs for foreigners |
| 500 ## - GENERAL NOTE | |
| General note | Includes glossary. |
| 505 2# - FORMATTED CONTENTS NOTE | |
| Formatted contents note | Volume 1. Threshold. |
| 546 ## - LANGUAGE NOTE | |
| Language note | Text in simplified Chinese and English ; Chinese accompanied with Hanyu Pinyin. |
| 650 #7 - SUBJECT ADDED ENTRY--TOPICAL TERM | |
| Topical term or geographic name as entry element | Chinese language |
| Form subdivision | Conversation and phrase books. |
| Source of heading or term | BUEsh |
| 650 #7 - SUBJECT ADDED ENTRY--TOPICAL TERM | |
| Topical term or geographic name as entry element | Chinese language |
| General subdivision | Study and teaching |
| -- | Foreign speakers. |
| Source of heading or term | BUEsh |
| 653 ## - INDEX TERM--UNCONTROLLED | |
| Resource For college | Humanities: Chinese |
| Arrived date list | September2019 |
| 653 ## - INDEX TERM--UNCONTROLLED | |
| Arrived date list | November2020 |
| 655 ## - INDEX TERM--GENRE/FORM | |
| Form subdivision | Text book |
| 9 (RLIN) | 33728 |
| 700 1# - ADDED ENTRY--PERSONAL NAME | |
| Personal name | Ma, Jianfei, |
| Relator term | editor. |
| 700 1# - ADDED ENTRY--PERSONAL NAME | |
| Personal name | Su, Yingxi, |
| Relator term | editor. |
| 9 (RLIN) | 10717 |
| 700 1# - ADDED ENTRY--PERSONAL NAME | |
| Personal name | Zhai, Yan, |
| Relator term | editor. |
| 942 ## - ADDED ENTRY ELEMENTS (KOHA) | |
| Source of classification or shelving scheme | Dewey Decimal Classification |
| Koha item type | Book - Borrowing |
| Withdrawn status | Lost status | Source of classification or shelving scheme | Damaged status | Not for loan | Collection code | Home library | Current library | Shelving location | Date acquired | Source of acquisition | Cost, normal purchase price | Total Checkouts | Full call number | Barcode | Date last seen | Cost, replacement price | Price effective from | Koha item type | Date checked out |
|---|---|---|---|---|---|---|---|---|---|---|---|---|---|---|---|---|---|---|---|
| Dewey Decimal Classification | Baccah | Central Library | Central Library | Second Floor | 10/09/2019 | Purchase | 225.00 | 495.182421 SHO | 000048043 | 15/07/2025 | 281.25 | 10/09/2019 | NB - Book (Non borrowing) | ||||||
| Dewey Decimal Classification | Baccah | Central Library | Central Library | Second Floor | 10/09/2019 | Purchase | 225.00 | 495.182421 SHO | 000048044 | 15/07/2025 | 281.25 | 10/09/2019 | Book - Borrowing | ||||||
| Dewey Decimal Classification | Baccah | Central Library | Central Library | Second Floor | 10/09/2019 | Purchase | 225.00 | 1 | 495.182421 SHO | 000048045 | 15/07/2025 | 281.25 | 10/09/2019 | Book - Borrowing | 18/08/2020 | ||||
| Dewey Decimal Classification | Baccah | Central Library | Central Library | Second Floor | 10/11/2020 | Purchase | 500.00 | 495.182421 SHO | 000050069 | 15/07/2025 | 625.00 | 10/11/2020 | NB - Book (Non borrowing) |